Normal view
MARC view
- City and town life
Entry Topical Term
001 - CONTROL NUMBER
- control field: 12550
003 - CONTROL NUMBER IDENTIFIER
- control field: OSt
005 - DATE AND TIME OF LATEST TRANSACTION
- control field: 20230626130712.0
008 - FIXED-LENGTH DATA ELEMENTS
- fixed length control field: 230626|| aca||aabn | a|a d
040 ## - CATALOGING SOURCE
- Original cataloging agency: OSt
- Transcribing agency: OSt
150 ## - HEADING--TOPICAL TERM
- Topical term or geographic name entry element: City and town life
- General subdivision: Fiction
670 ## - SOURCE DATA FOUND
- Source citation: Work cat.: (OSt)4885: Achebe, Chinua. 5902, No longer at ease., [1961, c1960]